Top 15 European Soccer Clubs in recent years - Statistics

General Stats
  • This quiz has been taken 82 times
  • The average score is 13 of 15
Answer Stats
Coefficient Association Club % Correct
120.0 Germany Bayern Munich
100%
106.0 Spain Real Madrid
100%
124.0 England Manchester City
99%
89.0 England Manchester United
99%
97.0 France Paris Saint-Germain
99%
96.0 England Chelsea
97%
97.0 England Liverpool
96%
72.0 Germany Borussia Dortmund
94%
85.0 Italy Inter Milan
93%
72.0 Spain Barcelona
92%
80.0 Italy Juventus
90%
69.0 Portugal SL Benfica
82%
83.0 Italy AS Roma
75%
82.0 Spain Sevilla
71%
83.0 Germany RB Leipzig
44%
No matching quizzes found
Score Distribution
Percent of People with Each Score
Percentile by Number Answered
Your Score History
You have not taken this quiz